| LEADER | 00455cam a2200157 7i4500 | ||
|---|---|---|---|
| 001 | 0000007093 | ||
| 005 | 19991025090000.0 | ||
| 002 | ##000008830 | ||
| 020 | 0 | 0 | |a 92-9137-065-7 |
| 090 | 0 | 0 | |a B 658.564 |b FOO |
| 245 | 0 | 0 | |a Food packaging : |b a reference book for trainers. |
| 260 | 0 | 0 | |a Geneva: |b International Trade Centre, |c 1998. |
| 300 | 0 | 0 | |a 230 p.. |
| 650 | 0 | 0 | |a Food -- |x Packaging |
| 650 | 0 | 0 | |a Packaging |
| 999 | |a 0000010153 |b Book |c Open shelf |e Business Information Centre | ||


